LEADER 01161nam a2200301 a 4500 001 000000123642 003 CaOOAMICUS 005 20101103122101.0 008 101103t2009 it u000 u ita r 020 $a978-88-7581-115-0 040 $aPUL$bita 082 04$a809 100 1 $aPappalardo, Ferdinando.$0(OLS)http://pul/name/77920 245 10$aTeorie dei generi letterari /$cFerdinando Pappalardo. 260 $a[s.l.] :$bB.A. Graphis,$c2009. 300 $a193 p. ;$c21 cm. 490 1 $aI verdi 504 $aInclude riferimenti bibliografici. 650 4$aCritica letteraria$zItalia.$0(OLS)http://pul/subject/16282 830 2$aI verdi.$0(OLS)http://pul/title/155844 850 $aPUL 852 $aPUL$W1$xSL Cons. Gen., Altre Classi 3$y75$m809 PAPFE 1$j142342$qDDC 21$B141316$CPULBib$Z2$F141316 $H115014 $82 941 1 $a9 996 $6020$a978-88-7581-115-0$9(OLS)http://pul/number/145830 996 $6082$a809$9(OLS)http://pul/classification/1733 996 $6245$aTeorie dei generi letterari$9(OLS)http://pul/title/155843 996 $6260$a[s.l.] :$bB.A. Graphis$9(OLS)http://pul/publisher/81461 LEADER 01017nam a2200241 u 4500 001 000000080956 003 CaOOAMICUS 005 20070226123713.0 008 050309s1935 it u000 u lat u 035 $a11032959 040 $aPUL(R)$bita 100 1 $aCiappi, Aloisio,$cO. P.$0(OLS)http://pul/name/54008 245 10$aDe Divina misericordia ut prima causa operum Dei /$cAloysius M. Ciappi, O. P. 260 $a[Roma :$bScuola Tipografica Missionaria Domenicana,$c1935] 300 $a296 p. ;$c24 cm 502 $aThesis (Doct.) -- Pont. Inst. Intern. "Angelicum", 1935. 504 $aBibliografia in nota. 650 4$aDio$xAttributi.$0(OLS)http://pul/subject/13199 850 $aPUL 852 $aPUL$W1$xDP1 Fondo Cecchetti$y53$m260 E 58$j193747$nBK-PRI$b $qFondi$B103343$CPULBib$Z2$F103343 $81 941 1 $a1 996 $6245$aDe Divina misericordia ut prima causa operum Dei$9(OLS)http://pul/title/105973 996 $6260$a[Roma :$bScuola Tipografica Missionaria Domenicana$9(OLS)http://pul/publisher/75903